Hapishane'nin doğuşu : (Kayıt no. 10271)

MARC ayrıntıları
000 -BAŞLIK
Sabit Uzunluktaki Kontrol Alanı 00875nam a22002537a 4500
003 - KONTROL NUMARASI KİMLİĞİ
Kontrol Alanı KOHA_MİRAKIL
005 - EN SON İŞLEM TARİHİ ve ZAMANI
Kontrol Alanı 20260416062947.0
008 - SABİT UZUNLUKTAKİ VERİ ÖGELERİ - GENEL BİLGİ
Sabit Alan 260415b tu ||||| |||| 00| 0 tur d
020 ## - ISBN - ULUSLARARASI STANDART KİTAP NUMARASI
Isbn 9789755330327
040 ## - KATALOGLAMA KAYNAĞI
Özgün Kataloglama Kurumu TR-AnABB
Kataloglama Dili tur
Çeviri Kurumu TR-AnABB
041 ## - DİL KODU
Metin ya da ses kaydının dil kodu tur
082 ## - DEWEY ONU SINIFLAMA SİSTEMİ
Sınıflama Numarası 306.09
Cutter numarası FOU 2013
100 1# - KİŞİ ADI
Yazar Adı (Kişi adı) Michel, Foucault
245 10 - ESER ADI BİLDİRİMİ
Başlık Hapishane'nin doğuşu :
Alt Eseradı vb. gözetim altında tutmak ve cezalandırmak /
Sorumluluk Bildirimi Foucault Michel ; Türkçesi: Mehmet Ali Kılıçbay
250 ## - BASIM BİLDİRİMİ
Basım Bildirimi 8. baskı
260 ## - YAYIN, DAĞITIM, VB.
Yayın Yeri Ankara :
Yayınevi İmge Kitabevi yayınları,
Yayın Tarihi 2019
300 ## - FİZİKSEL TANIMLAMA
Sayfa, Cilt vb. 445 sayfa :
Boyutları 20 cm
500 ## - GENEL NOT
Genel Not Özgün eser adı: Surveiller et punir: naissance de la prison
650 04 - KONU BAŞLIĞI EK GİRİŞ - KONU TERİMİ
Konusal terim veya coğrafi ad Hapishaneler, Sosyolojik yönler
650 04 - KONU BAŞLIĞI EK GİRİŞ - KONU TERİMİ
Konusal terim veya coğrafi ad Etnoloji
700 1# - EK GİRİŞ - KİŞİ ADI
Yazar Adı (Kişi adı) Kılıçbay, Mehmet Ali,
İlişkili Terim çeviren
9 (RLIN) 3473
900 ## - YEREL BİLGİ
Kontrol Can ÇELIK
942 ## - EK GİRİŞ ÖGELERİ (KOHA)
Sınıflama Kaynağı Dewey Decimal Classification
Materyal Türü Kitap
Mevcut
Geri Çekilme Durumu Kayıp Durumu Sınıflandırma Kaynağı Kredi için değil Kalıcı Konum Mevcut Konum Kayıt Tarih Toplam Ödünçverme Yer Numarası Demirbaş Numarası Son Görülme Tarihi Fatura Tarihi Materyal Türü
    Dewey Decimal Classification   Prof. Dr. Ruşen Keleş Kütüphanesi Prof. Dr. Ruşen Keleş Kütüphanesi 15/04/2026   306.09 FOU 2013 RK7161 15/04/2026 15/04/2026 Kitap